Central Library || Chittagong University

Socrates to sartre : (Record no. 110788)

MARC details
000 -LEADER
fixed length control field 00516nam a22001817a 4500
003 - CONTROL NUMBER IDENTIFIER
control field BD-ChCU
005 - DATE AND TIME OF LATEST TRANSACTION
control field 20260107120815.0
008 - FIXED-LENGTH DATA ELEMENTS--GENERAL INFORMATION
fixed length control field 260107b bg ||||| |||| 00| 0 ben d
040 ## - CATALOGING SOURCE
Transcribing agency BD-ChCU
082 ## - DEWEY DECIMAL CLASSIFICATION NUMBER
Classification number 190 STS
100 ## - MAIN ENTRY--PERSONAL NAME
Personal name Stumpf , Samuel Enoch .
9 (RLIN) 18762
245 ## - TITLE STATEMENT
Title Socrates to sartre :
Remainder of title a history of philosophy ./
Statement of responsibility, etc. Samuel Enoch , Stumpf.
250 ## - EDITION STATEMENT
Edition statement 2nd ed.
260 ## - PUBLICATION, DISTRIBUTION, ETC.
Place of publication, distribution, etc. New York :
Name of publisher, distributor, etc. Mcgraw -hill ,
Date of publication, distribution, etc. C 1975
300 ## - PHYSICAL DESCRIPTION
Extent xvi , 527p
650 #0 - SUBJECT ADDED ENTRY--TOPICAL TERM
Topical term or geographic name entry element Philosophy - History
9 (RLIN) 18763
942 ## - ADDED ENTRY ELEMENTS (KOHA)
Source of classification or shelving scheme Dewey Decimal Classification
Koha item type Books
Suppress in OPAC No
Holdings
Withdrawn status Lost status Source of classification or shelving scheme Damaged status Not for loan Home library Current library Shelving location Date acquired Source of acquisition Total Checkouts Full call number Barcode Date last seen Copy number Price effective from Koha item type
    Dewey Decimal Classification     Chittagong University Library Chittagong University Library Arts and Humanities Reading Room 01/07/2026 Purchase   190 STS 96523 01/07/2026 C-1 01/07/2026 Books
    Dewey Decimal Classification     Chittagong University Library Chittagong University Library Arts and Humanities Reading Room 01/07/2026 Purchase   190 STS 96524 01/07/2026 C-2 01/07/2026 Books
    Dewey Decimal Classification     Chittagong University Library Chittagong University Library Arts and Humanities Reading Room 01/07/2026 Purchase   190 STS 96525 01/07/2026 C-3 01/07/2026 Books
    Dewey Decimal Classification     Chittagong University Library Chittagong University Library Arts and Humanities Reading Room 01/07/2026 Purchase   190 STS 96526 01/07/2026 C-4 01/07/2026 Books
    Dewey Decimal Classification     Chittagong University Library Chittagong University Library Arts and Humanities Reading Room 01/07/2026 Purchase   190 STS 96527 01/07/2026 C-5 01/07/2026 Books
    Dewey Decimal Classification     Chittagong University Library Chittagong University Library Arts and Humanities Reading Room 01/07/2026 Purchase   190 STS 96528 01/07/2026 C-6 01/07/2026 Books
    Dewey Decimal Classification     Chittagong University Library Chittagong University Library Arts and Humanities Reading Room 01/07/2026 Purchase   190 STS 96529 01/07/2026 C-7 01/07/2026 Books
    Dewey Decimal Classification     Chittagong University Library Chittagong University Library Arts and Humanities Reading Room 01/07/2026 Purchase   190 STS 96530 01/07/2026 C-8 01/07/2026 Books
© Copyright 2026. Chittagong University Library, Installation and Maintenance by Prof. Dr. Md. Alamgir, 01711306253